| 000 | 00421nam a2200121Ia 4500 | ||
|---|---|---|---|
| 008 | 170224s9999 xx 000 0 und d | ||
| 245 | _aLow self-esteem prospectively predicts depression in the transition to young adulthood: A replication of Orth, Robins, and Roberts (2008). | ||
| 260 | _bJournal of Personality and Social Psychology | ||
| 260 | _c2016 | ||
| 300 | _a110:1 | ||
| 500 | _aJanuary | ||
| 650 | _xPsychology. | ||
| 999 |
_c316562 _d316562 |
||